Регионална библиотека "Любен Каравелов" - Русе

Фармакогнозия (Запис номер 123700)

MARC детайли
000 -Лидер
Контролно поле с фиксирана дължина nam a22 a 4500
003 - Код на организацията, давaща контролен номер
Контролно поле BLK
005 - Дата и час на последна редакция
Контролно поле 20221206091928.0
008 - Елементи от данни с фиксирана дължина
fixed length control field 180409b bul|||||r ||||||| ||bul||
010 ## - Наследен системен номер
LC control number KNG00129363000
040 ## - Източник на каталожния запис
Идентификатор на билиотеката - собственик на записа BLK
041 ## - Код за език
Код за езика на текст/звукозапис или на отделно заглавие Български
Код за езика КДБФ Български
080 ## - УДК
Текстов определител УДК Лекарствени средства, групирани според произхода им
УДК код - определител по УДК 615.3
УДК определител (075.8)
УДК - код + определител 615.3(075.8)
080 ## - УДК
Текстов определител УДК Фармацевтични препарати. Медицински материали. Оборудване
УДК код - определител по УДК 615.4
УДК определител (075.8)
УДК - код + определител 615.4(075.8)
100 1# - Редна дума - Автор
Автор Ахтарджиев, Христо Захариев
Авторска отговорност първи автор
R(LIN) 374814
139 ## - Редно поле
Редна дума Ахтарджиев, Христо
Авторски знак Ах - А 95
245 10 - Сведения за заглавието
Заглавие Фармакогнозия
Подзаглавни данни Учебник за студентите по фармация
Редно поле (дума) Христо Захариев Ахтарджиев.
250 ## - Област на изданието
Сведения за изданието 2. изд.
257 ## - Страна на издаване
Страна на създаване/издаване България
260 ## - Област на издателските данни
Име на издателя, разпространителя и проч. Медицина и физкултура
Година на издаване 1979
Място на издаване, разпространение и проч. София
300 ## - Физическа характеристика
Страници 387 с.
Илюстрации и др. с табл.
Размери/Мащаб 24 см
380 ## - Жанр
Жанр Медицина
500 ## - Общи забележки
Забележка 1. изд. 1975. - 2 065 тир. - Азб. показалци.
650 #4 - Допълнително описание по предмет – тема
Основно описание – тема или топоним Фармакология - учебници за ВУЗ
9 (RLIN) 281512
650 #4 - Допълнително описание по предмет – тема
Основно описание – тема или топоним Фармакогнозия
9 (RLIN) 175146
653 ## - Ключова дума – ненормативна
Ключова дума фармакогнозия
653 ## - Ключова дума – ненормативна
Ключова дума учебници за ВУЗ
852 ## - Местоположение
Форматна сигнатура Цб 99948
Фондова буква Хранилище
856 4# - Електронен адрес и достъп
Електронен формат pdf - файл
Инструкция (цена за достъп) 0.00
Права за достъп disable
856 4# - Електронен адрес и достъп
Електронен формат pdf - файл
Инструкция (цена за достъп) 0.00
Права за достъп disable
999 ## - СИСТЕМНИ КОНТРОЛНИ НОМЕРА
Koha biblionumber 123700
Koha biblioitemnumber 123700
942 ## - АРТИКУЛИ
Вид на библиотечния материал Книги
Скрит в OPAC Не
Koha issues (borrowed), all copies 1
Периодичен библиозапис Да
944 ## - СЪЗДАВАНЕ И РЕДАКЦИЯ на ЗАПИСА
Създаване/Редакция Създаване
Дата на регистрацията/редакция 29.03.2012
Статус, дата на статуса 29.03.2012 - от С1,Р / 29.03.2012
Служител, извършил регистрацията/редакцията Камелия_Данева
944 ## - СЪЗДАВАНЕ И РЕДАКЦИЯ на ЗАПИСА
Създаване/Редакция Редакция
Дата на регистрацията/редакция 29.03.2012
Статус, дата на статуса 29.03.2012 - от С1,Р / 29.03.2012
944 ## - СЪЗДАВАНЕ И РЕДАКЦИЯ на ЗАПИСА
Създаване/Редакция Редакция
Дата на регистрацията/редакция 2022-12-06
Статус, дата на статуса 2022-12-06
999 ## - СИСТЕМНИ КОНТРОЛНИ НОМЕРА
Koha biblioitemnumber 123700
Наличности
Код за отписване Код за изгубен артикул Източник на класификационната схема Код за повреда Коз за рестрикции Код за отдаване Артикулен № Име на библиотеката - собственик Име на библиотеката, в която се намира в момента Статус (Текущо местоположение) Дата на вписване в системата Местоположение - отдел Цена в лева Инвентарен номер Систематично азбучна сигнатура Баркод Номер на екземпляра Цена в евро Служебна бележка Служебен тип на артикула
  Не е изгубен Universal Decimal Classification Не е повреден само за читалня ползва се в читалня 200374 Регионална библиотека "Любен Каравелов" Русе Регионална библиотека "Любен Каравелов" Русе Хранилище 1979-01-01 Хранилище 1.85 289137 Цб 99948 120000289137 1 0.95 N: стар фонд Дата: 01.01.1979 Книги
Изтеглен Не е изгубен Universal Decimal Classification Не е повреден без рестрикции заемане за дома 200375 Регионална библиотека "Любен Каравелов" Русе Регионална библиотека "Любен Каравелов" Русе Заемна - подръчен фонд 1979-01-01 Заемна - подръчен фонд 1.85 289727 П 615.3/А 95 289727 2 0.95 N: стар фонд Дата: 01.01.1979 Книги
Vip Innovations Ltd, Rousse, Bulgaria 2025